Statistics for All Minecraft Dungeons Bosses

Click here to take the quiz!

General Stats

  • This quiz has been taken 19 times
  • The average score is 2 of 10

Answers on the Map

Answers color-coded by a green-red scale on the quiz's map according to % correct below.
 

Answer Stats

Answer% Correct
Heart of Ender
46%
Jungle Abomination
38%
Arch Illager
31%
Corrupted Cauldron
31%
Vengeful Hearty of Ender
23%
Wretched Wraith
23%
Redstone Monstrosity
15%
Tempest Golem
15%
Ancient Guardian
8%
Nameless One
8%

Score Distribution

Percentile by Number Answered

Percent of People with Each Score

Your Score History

You have not taken this quiz